Bharat Buranji (Record no. 4961)

MARC details
000 -LEADER
fixed length control field 00497cam a2200193ua 4500
001 - CONTROL NUMBER
control field 5811
005 - DATE AND TIME OF LATEST TRANSACTION
control field 20260515113935.0
008 - FIXED-LENGTH DATA ELEMENTS--GENERAL INFORMATION
fixed length control field 131025n ii |||gr||||Z||||||asm
020 ## - INTERNATIONAL STANDARD BOOK NUMBER
International Standard Book Number 978-81-7339-465-2
040 ## - CATALOGING SOURCE
Transcribing agency MAIN
082 ## - DEWEY DECIMAL CLASSIFICATION NUMBER
Classification number 954.03
245 ## - TITLE STATEMENT
Title Bharat Buranji
Statement of responsibility, etc. By Tassadduque Amanul Hussain
260 ## - PUBLICATION, DISTRIBUTION, ETC.
Place of publication, distribution, etc. Dibrugarh:
Name of publisher, distributor, etc. Banalata,
Date of publication, distribution, etc. 2009.
Place of publication, distribution, etc. Guwahati:
300 ## - PHYSICAL DESCRIPTION
Extent x,312p.
653 ## - INDEX TERM--UNCONTROLLED
Uncontrolled term History
653 ## - INDEX TERM--UNCONTROLLED
Uncontrolled term Bharat Buronji
700 ## - ADDED ENTRY--PERSONAL NAME
Personal name Hussain,Tassadduque Amanul,
Relator term Author.
942 ## - ADDED ENTRY ELEMENTS (KOHA)
Koha item type Books
Holdings
Withdrawn status Lost status Damaged status Not for loan Home library Current library Shelving location Date acquired Total checkouts Full call number Barcode Date last seen Date last checked out Copy number Price effective from Koha item type
        Naharkatiya College Library Naharkatiya College Library General stacks 09/19/2020 15 954.03 | HUS 19460 12/01/2022 11/22/2022 1 09/19/2020 Books
        Naharkatiya College Library Naharkatiya College Library General stacks 09/19/2020 14 954.03 | HUS 20335 08/31/2023 08/14/2023 2 09/19/2020 Books